Регионална библиотека "Любен Каравелов" - Русе

Жестокият експеримент (Запис номер 331937)

MARC детайли
000 -Лидер
Контролно поле с фиксирана дължина 01125nam a2200289 c 4500
003 - Код на организацията, давaща контролен номер
Контролно поле BLK
005 - Дата и час на последна редакция
Контролно поле 20190702151918.0
008 - Елементи от данни с фиксирана дължина
fixed length control field 180410b bul|||||r ||||||| ||bul||
010 ## - Наследен системен номер
LC control number KNG00161819000
020 ## - Международен стандартен номер на книга ISBN
Международен стандартен номер на книга ISBN 954-649-746-0
040 ## - Източник на каталожния запис
Идентификатор на билиотеката - собственик на записа BLK
041 ## - Код за език
Код за езика на текст/звукозапис или на отделно заглавие Български
Код за езика КДБФ Български
080 ## - УДК
Текстов определител УДК Българска литература
УДК код - определител по УДК 821.163.2
УДК определител -31
УДК - код + определител 821.163.2-31
100 1# - Редна дума - Автор
Автор Дилов, Любен
Авторска отговорност първи автор
Автор - информация (биография) Иванов, Любен Дилов
R(LIN) 363486
139 ## - Редно поле
Редна дума Дилов, Любен
Авторски знак Дил - Д 55
245 10 - Сведения за заглавието
Заглавие Жестокият експеримент
Подзаглавни данни Роман
Редно поле (дума) Любен Дилов; * Любен Дилов Иванов.
257 ## - Страна на издаване
Страна на създаване/издаване България
260 ## - Област на издателските данни
Име на издателя, разпространителя и проч. Сиела Софт енд Паблишинг
Година на издаване 2004
9 (RLIN) 209491
Издателство - префикс ISBN 978-954-649- ; 978-954-28-
300 ## - Физическа характеристика
Страници 204 с.
Размери/Мащаб 24 см
380 ## - Жанр
Жанр Худож. лит.
500 ## - Общи забележки
Забележка Пълното име на авт. е Любен Дилов Иванов.
700 1# - Други автори (авторска отговорност)
Лично име Иванов, Любен Дилов
Автороска отговорност (Описва отношението между автора и произведението) *
9 (RLIN) 367183
852 ## - Местоположение
Форматна сигнатура Цб 295460
856 4# - Електронен адрес и достъп
Електронен формат pdf - файл
856 4# - Електронен адрес и достъп
Електронен формат pdf - файл
999 ## - СИСТЕМНИ КОНТРОЛНИ НОМЕРА
Koha biblionumber 331937
Koha biblioitemnumber 331937
942 ## - АРТИКУЛИ
Вид на библиотечния материал Книги
Скрит в OPAC Не
944 ## - СЪЗДАВАНЕ И РЕДАКЦИЯ на ЗАПИСА
Създаване/Редакция Създаване
Дата на регистрацията/редакция 09.06.2014
Статус, дата на статуса 09.06.2014 - от С1,Р / 09.06.2014
Служител, извършил регистрацията/редакцията Кети_Илиева
944 ## - СЪЗДАВАНЕ И РЕДАКЦИЯ на ЗАПИСА
Създаване/Редакция Редакция
Дата на регистрацията/редакция 10.06.2014
Статус, дата на статуса 09.06.2014 - от С1,Р / 09.06.2014
999 ## - СИСТЕМНИ КОНТРОЛНИ НОМЕРА
Koha biblioitemnumber 331937
999 ## - СИСТЕМНИ КОНТРОЛНИ НОМЕРА
Koha biblioitemnumber 155145
Наличности
Код за отписване Код за изгубен артикул Източник на класификационната схема Код за повреда Коз за рестрикции Код за отдаване Артикулен № Име на библиотеката - собственик Име на библиотеката, в която се намира в момента Статус (Текущо местоположение) Дата на вписване в системата Местоположение - отдел Цена в лева Систематично азбучна сигнатура Баркод Цена в евро Служебен тип на артикула
  Не е изгубен Universal Decimal Classification Не е повреден само за читалня ползва се в читалня 727873 Регионална библиотека "Любен Каравелов" Русе Регионална библиотека "Любен Каравелов" Русе Хранилище 2019-07-04 Хранилище 5.00 Цб 295460 120000833246 2.56 Книги
Vip Innovations Ltd, Rousse, Bulgaria 2025